|
|
|
|
| LEADER |
01419cam a22002657a 4500 |
| 001 |
10014397 |
| 003 |
GR-PaULI |
| 005 |
20200903093548.0 |
| 008 |
881025r20081996gr 1 gre d |
| 952 |
|
|
|0 0
|1 0
|2 ddc
|4 0
|6 949_507000000000000_ΔΕΣ
|7 0
|9 243042
|a LISA
|b LISA
|c BSC
|d 2020-09-03
|i 12953
|l 0
|o 949.507 ΔΕΣ
|p 026000278622
|r 2020-09-03 00:00:00
|t 1
|w 2020-09-03
|y BK15
|
| 999 |
|
|
|c 146656
|d 146656
|
| 020 |
|
|
|a 9789602501252
|
| 040 |
|
|
|a GR-PaULI
|b gre
|c GR-PaULI
|d GR-AiPI
|e AACR2
|
| 082 |
0 |
4 |
|a 949.507
|2 23
|
| 100 |
1 |
|
|9 87447
|a Δεσποτόπουλος, Αλέξανδρος Ι.,
|d 1913-2004
|g συγγραφέας
|
| 245 |
1 |
2 |
|a Ο κυβερνήτης Καποδίστριας και η απελευθέρωσις της Ελλάδος /
|c Αλέξανδρου Ι. Δεσποτόπουλου.
|
| 250 |
|
|
|a 2η έκδ.
|
| 260 |
|
|
|a Αθήνα :
|b Μορφωτικόν Ίδρυμα Εθνικής Τραπέζης,
|c 1996 [ανατύπωση 2008].
|
| 300 |
|
|
|a ix, 291 σ. ;
|c 26 εκ.
|
| 504 |
|
|
|a Περιλαμβάνει βιβλιογραφικές παραπομπές (σ. 265-271) και ευρετήριο.
|
| 600 |
1 |
4 |
|a Καποδίστριας, Ιωάννης Α.,
|d 1776-1831
|9 12164
|
| 651 |
|
4 |
|a Ελλάδα
|x Ιστορία
|y 1814-1831
|9 134293
|
| 651 |
|
4 |
|a Ελλάδα
|x Πολιτική και διακυβέρνηση
|y 19ος αιώνας
|9 33851
|
| 942 |
|
|
|2 ddc
|c BK15
|
| 998 |
|
|
|c ΜΙΧΟΣΤΑΥΡΟΥ
|d 2017-06
|